| 000 | 00000nam##2200000za#4500 |
| 001 | 9.571491 |
| 003 | CaOODSP |
| 005 | 20210624182741 |
| 007 | cr ||||||||||| |
| 008 | 150406|2005||||xxc|||||o f|0| 0 eng|d |
| 040 | |aCaOODSP|beng |
| 043 | |an-cn--- |
| 086 | 1 |aTU3-5/05-33E-PDF |
| 110 | 2 |aTransportation Safety Board of Canada. |
| 245 | 10|aCollision with water - Héli-Express Inc., Bell 205 A-1 Helicopter C-GADA, Solitude Lake, Quebec, 16 July 2005 |h[electronic resource] |
| 260 | |aGatineau - Quebec : |bTransportation Safety Board of Canada |c[2007]. |
| 300 | |a13p.|bphotographs |
| 490 | 1 |aAviation investigation report |vA05Q0119 |
| 500 | |a"The Board authorized the release of this report on 29 March 2007."--Page 13 of 13. |
| 590 | |a12-20-Supp|b2012-05-09 |
| 775 | 08|tCollision avec un plan d'eau - de l'hélicoptère Bell 205 A-1 C-GADA, exploité par Héli-Express Inc. au lac Solitude (Québec), le 16 juillet 2005 |w(CaOODSP)9.602083 |
| 830 | #0|aAviation investigation report ;|vA05Q0119|w(CaOODSP)9.504825 |
| 856 | 40|ahttp://publications.gc.ca|qPDF|s347 KB|uhttps://publications.gc.ca/collections/collection_2011/bst-tsb/TU3-5-05-33-eng.pdf|yA05Q0119 |